Alternativy financování veřejných výdajů
Dve alternatívy financovania verejných výdavkov pri zostavovaní štátneho rozpočtu: 1. z bežných verejných príjmov, prevažne daní a 2. deficitným financovaním s možnosťou dlhového, prípadne peňažného financovania vzniknutého deficitu. Východisková fiškálna situácia ČR. Modelové vyjadrenie súvislosti...
Guardado en:
| Autor principal: | |
|---|---|
| Formato: | Capítulo de libro |
| Lenguaje: | checo |
| Materias: | |
| Etiquetas: |
Sin Etiquetas, Sea el primero en etiquetar este registro!
|
MARC
| LEADER | 00000naa a2200000 4500 | ||
|---|---|---|---|
| 001 | r016103 | ||
| 005 | 20221205085735.8 | ||
| 041 | 0 | |a cze | |
| 044 | |a CZ | ||
| 245 | 1 | 0 | |a Alternativy financování veřejných výdajů |c Pavel Dvořák |
| 520 | |a Dve alternatívy financovania verejných výdavkov pri zostavovaní štátneho rozpočtu: 1. z bežných verejných príjmov, prevažne daní a 2. deficitným financovaním s možnosťou dlhového, prípadne peňažného financovania vzniknutého deficitu. Východisková fiškálna situácia ČR. Modelové vyjadrenie súvislosti verejných príjmov a výdavkov. Makroekonomické dôsledky doterajšieho riešenia rozpočtového problému. Problém deficitného financovania, závery neoklasickej, keynesiánskej a neoricardovskej analýzy. Perzistentné deficity. Údaje o podieli verejného dlhu na HDP vybraných krajín. | ||
| 610 | 2 | 0 | |a výdavky verejné |
| 610 | 2 | 0 | |a financovanie |
| 610 | 2 | 0 | |a rozpočet štátny |
| 610 | 2 | 0 | |a financie verejné |
| 610 | 2 | 0 | |a modely rozhodovania |
| 610 | 2 | 0 | |a deficit |
| 610 | 2 | 0 | |a politika fiškálna |
| 610 | 2 | 0 | |a dlhy verejné |
| 610 | 2 | 0 | |a produkt domáci hrubý |
| 610 | 2 | 0 | |a Česko |
| 610 | 2 | 0 | |a svet |
| 100 | 1 | |a Dvořák, Pavel | |